Shiksha : (Record no. 8679)

MARC details
000 -LEADER
fixed length control field 00636cam a2200229ua 4500
008 - FIXED-LENGTH DATA ELEMENTS--GENERAL INFORMATION
fixed length control field 180322n ii |||gr||||Z||||||asm
020 ## - INTERNATIONAL STANDARD BOOK NUMBER
International Standard Book Number 9789384303334
040 ## - CATALOGING SOURCE
Transcribing agency MAIN
041 ## - LANGUAGE CODE
-- asm
082 ## - DEWEY DECIMAL CLASSIFICATION NUMBER
Classification number 370
100 ## - MAIN ENTRY--PERSONAL NAME
Personal name Goswami, Moromi,
Relator term
245 ## - TITLE STATEMENT
Title Shiksha :
Remainder of title darshanik aru samajtattik vitti /
Statement of responsibility, etc. by Moromi Goswami .
250 ## - EDITION STATEMENT
Edition statement 1st ed.
260 ## - PUBLICATION, DISTRIBUTION, ETC.
Place of publication, distribution, etc. Dibrugarh:
Name of publisher, distributor, etc. Mahaveer publications,
Date of publication, distribution, etc. 2015.
300 ## - PHYSICAL DESCRIPTION
Extent 336p.
942 ## - ADDED ENTRY ELEMENTS (KOHA)
Koha item type Books
653 ## - INDEX TERM--UNCONTROLLED
Uncontrolled term Education
653 ## - INDEX TERM--UNCONTROLLED
Uncontrolled term Foundations of education
653 ## - INDEX TERM--UNCONTROLLED
Uncontrolled term Sociological foundation of education
653 ## - INDEX TERM--UNCONTROLLED
Uncontrolled term Philosophical foundation of education
Holdings
Withdrawn status Lost status Damaged status Not for loan Home library Current library Shelving location Date acquired Total Checkouts Full call number Barcode Date last seen Date last checked out Copy number Price effective from Koha item type
        Central Library, Naharkatiya College Central Library, Naharkatiya College General Stacks 19/09/2020 2 370 | GOS 23189 13/08/2024 02/08/2024 3 19/09/2020 Books
        Central Library, Naharkatiya College Central Library, Naharkatiya College General Stacks 19/09/2020 1 370 | GOS 23190 14/11/2022 18/04/2022 2 19/09/2020 Books
        Central Library, Naharkatiya College Central Library, Naharkatiya College General Stacks 19/09/2020   370 | GOS 23191 01/12/2020   1 19/09/2020 Books
        Central Library, Naharkatiya College Central Library, Naharkatiya College General Stacks 19/09/2020 1 370 | GOS 25351 20/10/2023 05/10/2023 4 19/09/2020 Books
        Central Library, Naharkatiya College Central Library, Naharkatiya College General Stacks 19/09/2020 1 370 | GOS 25352 18/10/2024 11/07/2024 5 19/09/2020 Books
        Central Library, Naharkatiya College Central Library, Naharkatiya College General Stacks 19/09/2020 1 370 | GOS 25353 21/09/2022 13/09/2022 6 19/09/2020 Books
        Central Library, Naharkatiya College Central Library, Naharkatiya College General Stacks 19/09/2020 2 370 | GOS 25354 13/09/2025 01/09/2025 7 19/09/2020 Books
        Central Library, Naharkatiya College Central Library, Naharkatiya College General Stacks 19/09/2020   370 | GOS 25355 30/10/2023   8 19/09/2020 Books

Naharkatiya College © 2020. All rights reserved.

Powered By